Dom smútku, Pezinok

Gespeichert in:
Bibliographische Detailangaben
1. Verfasser: Abrmanová, Bianka (Verfasst von)
Weitere Verfasser: Bacová, Andrea (Betreuung Doktorarbeit)
Format: Manuskript Buch
Sprache:Slowakisch
Veröffentlicht: Bratislava 2023
Schlagworte:
Online-Zugang:http://is.stuba.sk/zp/portal_zp.pl?podrobnosti=155857
Tags: Tag hinzufügen
Keine Tags, Fügen Sie das erste Tag hinzu!

MARC

LEADER 00000ntm a22000003a 4500
001 stuzp94195
003 SK-STU
005 20231004073049.2
007 ta
008 150427s2015----xo-----f-mn---000-0-slo-d
040 |a STU  |b slo 
041 0 |a slo 
100 1 |a Abrmanová, Bianka  |u 051110  |4 aut  |U FAD Fakulta architektúry a dizajnu  |T FAD Ústav architektúry obytných budov  |X 103780  |U A1110  |Y 392  |7 103780 
242 0 1 |a Funeral Hall, Pezinok  |y eng 
245 1 0 |a Dom smútku, Pezinok 
260 |c 2023  |a Bratislava 
650 4 |a extenzívna zelená strecha  |2 slo 
650 4 |a obradná sieň  |2 slo 
650 4 |a kolumbárium  |2 slo 
650 4 |a dom smútku  |2 slo 
650 4 |a the circular hall  |2 eng 
650 4 |a columabrium  |2 eng 
650 4 |a extensive green roof  |2 eng 
650 4 |a house of sorrow  |2 eng 
700 1 |a Bacová, Andrea  |u 051110  |k Z1  |4 ths  |U FAD Fakulta architektúry a dizajnu  |T FAD Ústav architektúry obytných budov  |X 354  |U A1110  |Y 392  |7 A000000354 
856 4 |u http://is.stuba.sk/zp/portal_zp.pl?podrobnosti=155857  |u https://opac.crzp.sk/?fn=detailBiblioForm&sid=C03CB0FBA6588971DA3B23D1B6BF